00329nam a2200097Ia 4500008004100000050002200041245008100063260004000144300001500184650003200199151021s9999 xx 000 0 und d aHC 865 .K47 2013  a_Meru County Development Profile/ Kenya Ministry of Devolution and Planning  aNairobi : Government Printer, 2013  axv,123 p.  a_County vision and mission